| 000 | 01508nam a2200229Ia 4500 | ||
|---|---|---|---|
| 999 |
_c52468 _d52468 |
||
| 001 | 19491 | ||
| 003 | GE_BSU | ||
| 005 | 20250912153701.0 | ||
| 008 | 181216s1979||||ge |||||||||||||| ||geo|| | ||
| 040 | _cGE_BSU | ||
| 041 | _ageo | ||
| 080 | _a811.35(075.8) ჩ-69 | ||
| 100 |
_aჩიქობავა, არნ. _97708 |
||
| 245 |
_aიბერიულ-კავკასიური ენათმეცნიერების შესავალი : _b[სახელმძღვანელო სტუდენტებისათვის] / _cარნ. ჩიქობავა; თბილისის შრომის წითელი დროშის ორდენოსანი სახელმწიფო უნივერსიტეტი, კავკასიურ ენათა კათედრა. |
||
| 264 |
_aთბილისი : _bთბილ. უნ-ტის გამ-ბა, _c1979. |
||
| 300 |
_a322 გვ; _b21 სმ. |
||
| 500 | _aპირთა საძიებელი: გვ. 316-318. | ||
| 504 | _aბიბლიოგრაფია: გვ. 308-315. | ||
| 653 | _aიბერიულ-კავკასიური ენები | ||
| 710 |
_aთბილისის შრომის წითელი დროშის ორდენოსანი სახელმწიფო უნივერსიტეტი. კავკასიურ ენათა კათედრა. _923602 |
||
| 942 |
_cBK _2udc |
||